|
|
|
|
| LEADER |
01591cas a2200241 a 4500 |
| 001 |
AALejournalIMF004129 |
| 008 |
230101c9999 xx r poo 0 0eng d |
| 020 |
|
|
|c 5.00 USD
|
| 020 |
|
|
|z 9781451830873
|
| 022 |
|
|
|a 1934-7685
|
| 040 |
|
|
|a BD-DhAAL
|c BD-DhAAL
|
| 110 |
2 |
|
|a International Monetary Fund.
|
| 245 |
1 |
0 |
|a Panama :
|b Staff Report for the 2003 Article IV Consultation.
|
| 264 |
|
1 |
|a Washington, D.C. :
|b International Monetary Fund,
|c 2006.
|
| 300 |
|
|
|a 1 online resource (65 pages)
|
| 490 |
1 |
|
|a IMF Staff Country Reports
|
| 500 |
|
|
|a <strong>Off-Campus Access:</strong> No User ID or Password Required
|
| 500 |
|
|
|a <strong>On-Campus Access:</strong> No User ID or Password Required
|
| 506 |
|
|
|a Electronic access restricted to authorized BRAC University faculty, staff and students
|
| 520 |
3 |
|
|a This 2003 Article IV Consultation for Panama reports that the medium-term outlook is sound, assuming continued pursuit of prudent fiscal policies and growth-enhancing structural reforms. Sustained compliance with the fiscal responsibility law will require structural reforms, including improvement of tax administration. Comprehensive reform of the pension system is needed to ensure its viability. The authorities are taking some administrative steps to reduce the deficit, but comprehensive reform will have to be done by the new government.
|
| 538 |
|
|
|a Mode of access: Internet
|
| 830 |
|
0 |
|a IMF Staff Country Reports; Country Report ;
|v No. 2006/130
|
| 856 |
4 |
0 |
|z Full text available on IMF
|u http://elibrary.imf.org/view/journals/002/2006/130/002.2006.issue-130-en.xml
|z IMF e-Library
|